[Event "San Cristobal Bolivar op 1st"]
[Site "San Cristobal"]
[Date "2012.09.26"]
[Round "3"]
[White "Paredes, Elias"]
[Black "Ortega Amarelle, Mariano"]
[Result "0-1"]
[WhiteElo "2272"]
[BlackElo "2474"]
[PlyCount "112"]
[EventDate "2012.09.25"]
[EventType "swiss"]
[EventRounds "10"]
[EventCountry "VEN"]
[SourceTitle "EXT 2013"]
[Source "ChessBase"]
[SourceDate "2012.11.22"]
[SourceVersion "1"]
[SourceVersionDate "2012.11.22"]
[SourceQuality "1"]

1. d4 Nf6 2. c4 e6 3. Nc3 Bb4 4. Qc2 0-0 5. Bg5 h6 6. Bh4 c5 7. e3 cxd4 8. exd4 b6 9. a3 Be7 10. Nf3 Bb7 11. Be2 d5 12. Bxf6 Bxf6 13. cxd5 exd5 14. 0-0 Nc6 15. Rad1 Rc8 16. Qf5 Ne7 17. Qg4 a6 18. Bd3 Rc7 19. Rfe1 Qd6 20. Ne5 Bc8 21. Qh5 Bg5 22. g3 b5 23. h4 g6 24. Qf3 Bf6 25. Bb1 Bg7 26. Qf4 Qd8 27. g4 Nc6 28. g5 Nxe5 29. dxe5 Rc4 30. Be4 hxg5 31. hxg5 Be6 32. Qg3 Rc5 33. b4 Rxc3 34. Qxc3 Qxg5+ 35. Bg2 Rd8 36. Rd3 Bf5 37. Rg3 Qh4 38. Qc6 d4 39. Bd5 Qe7 40. f4 Qh4 41. Kg2 Qxf4 42. Re2 Bxe5 43. Rxg6+ Bxg6 44. Qxg6+ Bg7 45. Qh5 Rf8 46. Rf2 Qc7 47. Be4 Rd8 48. Qh7+ Kf8 49. Qf5 Qd7 50. Qc5+ Kg8 51. Qh5 Qe6 52. Qh7+ Kf8 53. Bf5 Qd5+ 54. Rf3 Re8 55. Kf2 Qa2+ 56. Bc2 Rc8 0-1

[Event "San Cristobal Bolivar op 1st"]
[Site "San Cristobal"]
[Date "2012.09.25"]
[Round "1"]
[White "Paredes, Elias"]
[Black "Sequeda Ramirez, Pablo"]
[Result "1/2-1/2"]
[WhiteElo "2272"]
[BlackElo "2126"]
[PlyCount "114"]
[EventDate "2012.09.25"]
[EventType "swiss"]
[EventRounds "10"]
[EventCountry "VEN"]
[SourceTitle "EXT 2013"]
[Source "ChessBase"]
[SourceDate "2012.11.22"]
[SourceVersion "1"]
[SourceVersionDate "2012.11.22"]
[SourceQuality "1"]

1. d4 g6 2. e4 Bg7 3. Bc4 c5 4. c3 cxd4 5. cxd4 Nc6 6. d5 Na5 7. Bd3 d6 8. Nf3 Bd7 9. Nc3 Rc8 10. 0-0 a6 11. Qe2 Qc7 12. Bf4 Nc4 13. Rac1 Ne5 14. Nxe5 dxe5 15. Be3 Qa5 16. f3 Bh6 17. f4 exf4 18. Bxf4 Bxf4 19. Rxf4 Nf6 20. Rcf1 0-0 21. Kh1 Nh5 22. Rh4 e5 23. Qd2 Qd8 24. g3 Nf4 25. Ne2 g5 26. Rh6 Ng6 27. h4 f6 28. hxg5 fxg5 29. Rxf8+ Qxf8 30. Rh2 Qf6 31. Kg1 Rf8 32. Nc3 Qf3 33. Be2 Qxg3+ 34. Rg2 Qf4 35. Qxf4 gxf4 36. Bh5 Rf6 37. Rg5 Kf8 38. Kf2 f3 39. Bxg6 Rxg6 40. Rxe5 Rg2+ 41. Kxf3 Rxb2 42. d6 Rd2 43. Rd5 Rxd5 44. Nxd5 Be6 45. Nf6 Bxa2 46. Nxh7+ Ke8 47. Ke3 a5 48. Kd4 a4 49. Nf6+ Kd8 50. Kc5 Be6 51. Kb4 b5 52. e5 Bf7 53. Ne4 Kd7 54. Nc5+ Kc6 55. Ne4 Bc4 56. Nc3 Bd3 57. Nd5 Bf1 1/2-1/2